000 03204nam a2200241 4500
001 2162214035924653
003 UA-OsUOA
005 20240208104533.0
008 240208b un ||||| |||| 00| 0 ukr d
040 _aUA-OsUOA
_bukr
_cUA-OsUOA
_dUA-OsUOA
041 _aukr
080 _a343.37
090 _a343.37
095 _a12.00.08
_bкримінальне право та кримінологія; кримінально-виконавче право
100 _aШаргородська Н. В.
_91605
245 _aОб'єктивні ознаки складів злочинів у банківській системі
_cШаргородська Наталія Валентинівна; наук. керівник Стрельцов Євген Львович
260 _aКиїв
_c2012
300 _a19 с.
502 _6Автореферат дисертації на здобуття наукового ступеня кандидата юридичних наук
_cАкадемія адвокатури України
_d2012
520 _aДисертація присвячена дослідженню соціально небезпечних діянь, що посягають на суспільні відносини, які складаються у банківській системі, науковому аналізу норм кримінального законодавства, що передбачають відповідальність за вчинення таких злочинів, об’єктивних ознак складів злочинів у банківській системі. В дисертації на підставі соціально-економічних та філософсько-правових положень аналізуються поняття „банківська система”; дається загальна класифікація господарських злочинів і визначається місце в ній групи злочинів, що посягають на банківську систему; обґрунтовується значення об’єктивних ознак складів злочинів для кваліфікації злочинів у банківській системі; досліджуються теоретичні засади щодо визначення об’єкта злочину та предмета цих злочинів; всебічно аналізуються ознаки об’єктивної сторони цих злочинів, звертається увага на деякі кримінально-правові аспекти здійснення соціального контролю у цій системі. За результатами дослідження сформовано низку теоретичних положень, окремі пропозиції щодо удосконалення законодавства та практики його застосування.
650 _2UDC
_a343 Кримінальне право. Карні порушення
_91546
942 _2udc
_cAR
999 _c575860
_d575860